| 000 | 01534nam2a2200277 4500 | ||
|---|---|---|---|
| 001 | rc\2828299 | ||
| 005 | 20260315044850.0 | ||
| 035 | _a(NLR Aleph) 006986374 | ||
| 090 |
_a13570699 _c13570699 |
||
| 100 | _a20110628d1928 u y0rusy50 ca | ||
| 101 | 0 | _arus | |
| 102 | _aRU | ||
| 105 | _ay z ||||| | ||
| 200 | 1 |
_aСовременная русская литература _fСост. И.М. Машбиц-Веров _gПод ред. И.М. Нусинова |
|
| 210 | _d1928 | ||
| 215 | _a54, [2] с. | ||
| 461 | 0 |
_1001rc\2828285 _12001#$aЗаочные курсы по переподготовке библиотечных работников профсоюзных библиотек$eУрок 1-$fКультотд. ВЦСПС$vУрок 14 _95582892 _aЗаочные курсы по переподготовке библиотечных работников профсоюзных библиотек (Москва) _cМосква _d1928 _fКультотд. ВЦСПС _nкнигоизд-во ВЦСПС _oУрок 1- _tЗаочные курсы по переподготовке библиотечных работников профсоюзных библиотек _vУрок 14 |
|
| 702 | 1 |
_4220 _7ca _8rus _aМашбиц-Веров _bИ. М. _f1900-1989 _gИосиф Маркович _9227597 _3RU\NLR\AUTH\770227653 |
|
| 702 | 1 |
_aНусинов _bИ.М. _4340 |
|
| 801 | 0 |
_aRU _bNLR _gpsbo |
|
| 801 | 1 |
_aRU _bELAR _2rusmarc |
|
| 852 |
_aNLR _bБ _j4275/П287(1-15) |
||
| 852 |
_aNLR _j40/2686 |
||
| 942 | _cUNSPEC | ||
| 980 | _aNB | ||